THE KASYAPA SAMHITA (Record no. 8462)

MARC details
000 -LEADER
fixed length control field 00295nam a22001337a 4500
003 - CONTROL NUMBER IDENTIFIER
control field SGT
082 ## - DEWEY DECIMAL CLASSIFICATION NUMBER
Classification number 615.53
Item number K15S
100 ## - MAIN ENTRY--PERSONAL NAME
Personal name SHARMA , HEMARAJA
245 ## - TITLE STATEMENT
Title THE KASYAPA SAMHITA
260 ## - PUBLICATION, DISTRIBUTION, ETC. (IMPRINT)
Place of publication, distribution, etc VARANASI
Name of publisher, distributor, etc CHAUKHAMBHA PUB
Year of Publication 2015
300 ## - PAGE DESCRIPTION
No. of Pages 578
650 ## - SUBJECT ADDED ENTRY--TOPICAL TERM
Topical term or geographic name as entry element KASYAPA SAMHITA
942 ## - ADDED ENTRY ELEMENTS (KOHA)
Source of classification or shelving scheme Dewey Decimal Classification
Koha item type Books
942 ## - ADDED ENTRY ELEMENTS (KOHA)
-- 2
Holdings
Withdrawn status Lost status Source of classification or shelving scheme Damaged status Not for loan Collection code Home library Current library Shelving location Date acquired Vendor Name Cost, normal purchase price SGTU Bill Number Total Checkouts Full call number Accession No. (Barcode) Date last seen Date last borrowed Bill Date Koha item type
    Dewey Decimal Classification     AYURVEDA SGT FA-FP Library SGT FA-FP Library Text Book 16/03/2016 CHAUKHAMBHA 695.00 SGTU CP/B/724 1 615.53 K15S FA3651 26/03/2019 13/03/2019 16/12/2015 Books
    Dewey Decimal Classification     AYURVEDA SGT FA-FP Library SGT FA-FP Library Text Book 16/03/2016 CHAUKHAMBHA 695.00 SGTU CP/B/724 6 615.53 K15S FA3652 25/06/2021 19/06/2021 16/12/2015 Books
    Dewey Decimal Classification     AYURVEDA SGT FA-FP Library SGT FA-FP Library Text Book 16/03/2016 CHAUKHAMBHA 695.00 SGTU CP/B/724 4 615.53 K15S FA3653 29/01/2018 17/01/2018 16/12/2015 Books
    Dewey Decimal Classification     AYURVEDA SGT FA-FP Library SGT FA-FP Library Text Book 16/03/2016 CHAUKHAMBHA 695.00 SGTU CP/B/724 3 615.53 K15S FA3654 03/02/2024 10/01/2024 16/12/2015 Books
    Dewey Decimal Classification     AYURVEDA SGT FA-FP Library SGT FA-FP Library Text Book 16/03/2016 CHAUKHAMBHA 695.00 SGTU CP/B/724 1 615.53 K15S FA3655 10/08/2022 03/08/2022 16/12/2015 Books